[Event "Autumn-5"]
[Site "Alushta UKR"]
[Date "2008.10.04"]
[Round "11"]
[White "Nosov,A"]
[Black "Kovalev,An"]
[Result "1/2-1/2"]
[WhiteElo "2372"]
[BlackElo "2550"]

1.e4 c5 2.c3 Nf6 3.e5 Nd5 4.d4 cxd4 5.Nf3 Nc6 6.Bc4 Nb6 7.Bb3 d5 8.exd6 Qxd6
9.O-O Be6 10.Bxe6 Qxe6 11.Nxd4 Nxd4 12.Qxd4 Rd8 13.Qh4 Qe2 14.Bd2 f6 15.Re1 Rxd2
16.Nxd2 Qxd2  1/2-1/2

[Event "1st WMSG Blitz Ind w"]
[Site "Beijing CHN"]
[Date "2008.10.04"]
[Round "5"]
[White "Paehtz,E"]
[Black "Zenyuk,I"]
[Result "1-0"]
[WhiteElo "2471"]
[BlackElo "2237"]

1.e4 c5 2.c3 Nf6 3.e5 Nd5 4.Bc4 e6 5.d4 cxd4 6.Bxd5 exd5 7.Qxd4 Nc6 8.Qxd5 d6
9.exd6 Bxd6 10.Qe4+ Be6 11.Nf3 O-O 12.Ng5 g6 13.Nxe6 Re8 14.Nxd8 Rxe4+ 15.Be3 Rxd8
16.Nd2 Rg4 17.O-O Ne5 18.f4 Nd3 19.Ne4 Kg7 20.Bd4+ Kf8 21.Nxd6 Rxd6 22.Rf3 Nxf4
23.Bc5  1-0

[Event "1st WMSG Blitz Ind w"]
[Site "Beijing CHN"]
[Date "2008.10.04"]
[Round "11"]
[White "Gaponenko,I"]
[Black "Ju Wenjun"]
[Result "0-1"]
[WhiteElo "2473"]
[BlackElo "2397"]

1.e4 c5 2.c3 Nf6 3.e5 Nd5 4.Nf3 d6 5.d4 cxd4 6.cxd4 Nc6 7.Bc4 Nb6 8.Bb3 d5
9.Nh4 e6 10.Nf3 Be7 11.O-O O-O 12.Nc3 f6 13.exf6 Bxf6 14.h3 Bd7 15.Be3 Be8
16.Qd2 Bh5 17.Nh2 Nc4 18.Qc1 Bxd4 19.Bxc4 dxc4 20.Nb5 Bxe3 21.Qxe3 e5 22.Ng4 Bxg4
23.hxg4 Rf4 24.Rad1 Qe7 25.f3 a6 26.Nd6 b5 27.Rfe1 Rf6 28.Ne4 Rff8 29.Qb6 Qa7
30.Qxa7 Rxa7 31.Rd6 Rc7 32.Nc5 Re8 33.Nxa6 Rcc8 34.a3 Red8 35.Red1 Nd4 36.Rxd8+ Rxd8
37.Kf2 Kf7 38.Nc5 Rd5 39.Ne4 Ke6 40.Ng5+ Kf6 41.Ne4+ Ke6 42.Rc1 h6 43.a4 Nb3
44.Rc3 Na5 45.axb5 Rxb5 46.Rc2 Rb4 47.Nd2 Kd5 48.Ke3 Nc6 49.Ne4 Nd4 50.Rd2 Rb3+
51.Kf2 Rb6 52.g5 hxg5 53.Nxg5 Kc5 54.Ne4+ Kb4 55.Nc3 Kb3 56.Ke3 Nc2+ 57.Ke4 Re6
58.Kf5 Re7 59.Nd5 Re8 60.Nc7 Re7 61.Nd5 Re8 62.Nb6 Ne3+ 63.Ke4 Nf1 64.Rf2 Ng3+
65.Kd5 Rb8 66.Nxc4 Rd8+ 67.Nd6 Nf5 68.Kxe5 Nxd6 69.Ke6 Nc4 70.Kf7 Rd7+ 71.Kg6 Nxb2
72.Re2 Nd3 73.Re8 Nf4+ 74.Kf5 Nxg2 75.Rg8 Kc4 76.Kg6 Nh4+ 77.Kh5 Nxf3 78.Kg6 Ne5+
79.Kf5 Kd5 80.Ra8 Rf7+ 81.Kg5 Ke6 82.Ra6+ Ke7 83.Ra5 Nf3+ 84.Kg6 Nh4+ 85.Kg5 Nf3+
86.Kg6 Nh4+ 87.Kg5 Ng2 88.Ra2 Ne3 89.Re2 Rf3 90.Kg6 Kf8 91.Ra2 Rf6+ 92.Kg5 Nd5
93.Ra8+ Kf7 94.Ra7+ Ne7 95.Rb7 Rf5+ 96.Kg4 g6 97.Ra7 Re5 98.Rb7 Kf6 99.Rb6+ Re6
100.Rb5 Re4+ 101.Kf3 Re5 102.Rb7 g5 103.Rb8 Ng6 104.Rb6+ Kf5 105.Rb8 g4+
106.Kg3 Re3+ 107.Kf2 Rf3+ 108.Ke2 Nf4+ 109.Ke1 g3 110.Rf8+ Ke4 111.Re8+ Kf5
112.Rf8+ Kg5 113.Rg8+ Ng6 114.Ke2 Rf7  0-1

[Event "58th TCh w 1st Div"]
[Site "Borovets BUL"]
[Date "2008.10.04"]
[Round "4"]
[White "Jordanova,S"]
[Black "Videnova,I"]
[Result "0-1"]
[WhiteElo "2207"]
[BlackElo "2182"]

1.e4 c5 2.c3 Nf6 3.e5 Nd5 4.Nf3 e6 5.d4 cxd4 6.cxd4 d6 7.a3 Bd7 8.Bd3 Bc6
9.O-O Nd7 10.Re1 Be7 11.b4 b6 12.Ra2 Rc8 13.Qe2 O-O 14.h4 Re8 15.exd6 Bxd6
16.Bxh7+ Kxh7 17.Ng5+ Kg8 18.Qh5 Qf6 19.Qh7+ Kf8 20.Ne4 Qf5 21.Qh8+ Ke7 22.Qxg7 Rg8
23.Bg5+ Qxg5 24.Qxg5+ Rxg5 25.Nxg5 Rh8 26.g3 a5 27.bxa5 bxa5 28.Rae2 N7f6
29.Rc2 Ba4 30.Rb2 Rc8 31.Rb7+ Bd7 32.Re2 Rc1+ 33.Kg2 Rxb1 34.Rxb1 Nc3 35.Rbe1 Nxe2
36.Rxe2 Bxa3 37.f3 a4 38.d5 Nxd5 39.h5 Bc1 40.Ne4 a3 41.Kf2 Bb2 42.Nd2 Ba4
43.Nc4 a2 44.Nxb2 a1=Q 45.h6 Bb5 46.h7 Bxe2  0-1

[Event "Chigorin Memorial"]
[Site "St Petersburg RUS"]
[Date "2008.10.04"]
[Round "1"]
[White "Skrjabin,I"]
[Black "Gladyszev,O"]
[Result "0-1"]
[WhiteElo "2110"]
[BlackElo "2448"]

1.e4 c5 2.c3 Nf6 3.e5 Nd5 4.Nf3 Nc6 5.d4 cxd4 6.Bc4 Nb6 7.Bb3 d5 8.exd6 Qxd6
9.O-O Be6 10.Bxe6 Qxe6 11.Nxd4 Nxd4 12.Qxd4 Rd8 13.Qh4 h5 14.Be3 Qg4 15.Qg3 Qxg3
16.hxg3 h4 17.Na3 hxg3 18.Nb5 Rh5 19.a4 Nxa4 20.Nc7+ Kd7 21.Rxa4 Kxc7 22.fxg3 f6
23.Rxa7 Rb5 24.Ra2 Rd3 25.Kf2 Rf5+ 26.Bf4+ e5 27.Ke2 Rd5 28.Be3 Rxf1 29.Kxf1 Bd6
30.Ke2 e4 31.g4 g6 32.Ra4 f5 33.gxf5 gxf5 34.Rc4+ Kd7 35.Ra4 f4 36.Rd4 Rf5
37.Bc1 e3 38.b4 Ke6 39.Re4+ Kd5 40.Rd4+ Ke5 41.Kf3 Ke6 42.Re4+ Kf6 43.Bb2  0-1

[Event "Chigorin Memorial"]
[Site "St Petersburg RUS"]
[Date "2008.10.04"]
[Round "1"]
[White "Kislinsky,A"]
[Black "Nuretdinov,I"]
[Result "1-0"]
[WhiteElo "2492"]
[BlackElo "2174"]

1.e4 c5 2.c3 Nf6 3.e5 Nd5 4.Nf3 Nc6 5.Bc4 Nb6 6.Bb3 c4 7.Bc2 g6 8.b3 Bg7
9.bxc4 Nxc4 10.d4 O-O 11.h4 d6 12.e6 Qa5 13.exf7+ Rxf7 14.h5 Rxf3 15.gxf3 Nxd4
16.hxg6 Nxc2+ 17.Qxc2 Bf5 18.Qb3 Qe5+ 19.Be3 Be6 20.Qc2 Nxe3 21.fxe3 Qxe3+
22.Qe2 Qxe2+ 23.Kxe2 hxg6 24.a4 Rc8 25.Ra3 a5 26.Rc1 Rc4 27.Nd2 Rh4 28.Rf1 Bh6
29.Rf2 Kf7 30.Ra1 Bg7 31.Ne4 Bc4+ 32.Kd2 Bh6+ 33.Kc2 d5 34.Nd2 Be3 35.Rg2 Rf4
36.Nxc4 Rxc4 37.Kd3 Bf4 38.Rg4 g5 39.Ra2 Kf6 40.Rg1 Be5 41.Ra3 Rf4 42.Ke2 Rh4
43.Rg2 Rh1 44.Rb3 Ra1 45.Rb6+ e6 46.Kd3 Ra3 47.Rc2 d4 48.Rb5 Rxa4 49.Re2 Bf4
50.Rb6 dxc3 51.Rexe6+ Kf7 52.Rf6+ Kg7 53.Rg6+ Kf7 54.Rgf6+ Kg7 55.Rfe6 c2
56.Rxb7+ Kf8 57.Kxc2 Rd4 58.Rf6+ Kg8 59.Ra6 Rd2+ 60.Kb3 Rd8 61.Rxa5 Rc8 62.Ra6 Rf8
63.Rg6+ Kh8 64.Kc4 Bc1 65.Rc6 Kg8 66.Kd5 Be3 67.Rg6+ Kh8 68.Rgg7 Bd2 69.Rh7+  1-0

[Event "Masters"]
[Site "Winterthur SUI"]
[Date "2008.10.04"]
[Round "2"]
[White "Oesch,H"]
[Black "Jenni,F"]
[Result "1/2-1/2"]
[WhiteElo "1983"]
[BlackElo "2544"]

1.e4 c5 2.c3 Nf6 3.e5 Nd5 4.Bc4 Nb6 5.Bb3 c4 6.Bc2 Nc6 7.Nf3 Qc7 8.Qe2 g5
9.h3 Bg7 10.O-O Nxe5 11.Nxg5 h6 12.Nf3 Nxf3+ 13.Qxf3 Qc6 14.Qe2 Bf6 15.d4 Rg8
16.f4 d5 17.Kh2 Bd7 18.Nd2 Bh4 19.Rf3 Nc8 20.Re3 Qc7 21.g3 Bf6 22.Nf3 Nd6
23.Ne5 Bf5 24.Nxf7 Bxc2 25.Nxd6+ Qxd6 26.Qxc2  1/2-1/2

[Event "58th TCh m 1st Div"]
[Site "Borovets BUL"]
[Date "2008.10.05"]
[Round "5"]
[White "Janev,E"]
[Black "Nevednichy,V"]
[Result "1/2-1/2"]
[WhiteElo "2491"]
[BlackElo "2583"]

1.e4 c5 2.c3 Nf6 3.e5 Nd5 4.Nf3 e6 5.d4 cxd4 6.cxd4 d6 7.a3 Bd7 8.Bd3 Bc6
9.O-O Nd7 10.Re1 Be7 11.Nbd2 dxe5 12.Nxe5 Nxe5 13.dxe5 Nf4 14.Be4 Bxe4 15.Nxe4 Qxd1
16.Rxd1 Nd5 17.Bd2 Rc8 18.Rac1 Rxc1 19.Rxc1 Kd7 20.Kf1 Rc8 21.Rxc8 Kxc8 22.Ke2 Kd7
23.a4 Kc6 24.Kd3 Nb6 25.b3 Kd5 26.f4 Kc6 27.g3 Nd5 28.Kc4 a6 29.Kd4 h5 30.Kc4 Nb6+
31.Kd4  1/2-1/2

[Event "ch-Commonwealth"]
[Site "Nagpur IND"]
[Date "2008.10.05"]
[Round "10"]
[White "Suraj,M"]
[Black "Ramnath,B"]
[Result "0-1"]
[WhiteElo "2058"]
[BlackElo "2239"]

1.e4 c5 2.c3 Nf6 3.e5 Nd5 4.d4 cxd4 5.Nf3 Nc6 6.cxd4 d6 7.Bc4 e6 8.O-O Be7
9.Qe2 O-O 10.Qe4 dxe5 11.dxe5 Qc7 12.Bd3 g6 13.Bh6 Rd8 14.a3 b6 15.Nbd2 Bb7
16.Rac1 Qd7 17.Bb1 Nc7 18.h4 Nb5 19.Rfe1 Ncd4 20.Qf4 Nf5 21.Bg5 Bxg5 22.hxg5 Rac8
23.Rxc8 Rxc8 24.Be4 Kg7 25.g4 Ne7 26.a4 Bxe4 27.Nxe4 Nc7 28.Nf6 Qd3 29.Qh2 h5
30.gxh6+ Kh8 31.Ng5 Rf8 32.Nfh7 Qd2 33.Nxf8 Qxg5 34.f3 Nf5 35.h7 Nd5 36.Nd7 Nh4
37.Kf2 Nf4 38.Rd1 Nfg2 39.Rd3 Qc1 40.Kg3 Qe1+ 41.Kh3 g5 42.Nf6 Nf4+ 43.Qxf4 Qf1+
44.Kg3 Qg2+  0-1

[Event "Chigorin Memorial"]
[Site "St Petersburg RUS"]
[Date "2008.10.05"]
[Round "2"]
[White "Solovjova,V"]
[Black "Smirnov,Arte"]
[Result "1/2-1/2"]
[WhiteElo "2303"]
[BlackElo "2460"]

1.e4 c5 2.c3 Nf6 3.e5 Nd5 4.d4 cxd4 5.Nf3 Nc6 6.cxd4 d6 7.Bc4 Nb6 8.Bb5 Bd7
9.Nc3 dxe5 10.Nxe5 Nxe5 11.dxe5 Bxb5 12.Nxb5 Qxd1+ 13.Kxd1 Nd5 14.Bd2 a6
15.Nc3 Nb4 16.Ke2 e6 17.Rad1 Be7 18.f4 O-O-O 19.Be3 Rxd1 20.Rxd1 Rd8 21.Rxd8+ Kxd8
22.a3 Nc6 23.Ne4 Kc7 24.Bc5 Bxc5 25.Nxc5 Nd4+ 26.Kd3 Nf5 27.Ne4 h5 28.g3 Kc6
29.h3 Kd5 30.Nc3+ Kc6 31.Ne4 Kd5  1/2-1/2

[Event "1st WMSG Rapid Ind w"]
[Site "Beijing CHN"]
[Date "2008.10.06"]
[Round "5"]
[White "Gaponenko,I"]
[Black "Dembo,Y"]
[Result "1/2-1/2"]
[WhiteElo "2473"]
[BlackElo "2446"]

1.e4 c5 2.c3 Nf6 3.e5 Nd5 4.Nf3 Nc6 5.d4 cxd4 6.cxd4 d6 7.Bc4 dxe5 8.dxe5 Nb6
9.Qxd8+ Nxd8 10.Bb3 e6 11.Nc3 Bd7 12.O-O Be7 13.Be3 Rc8 14.Rfd1 Bc6 15.Nd4 Nd7
16.f4 a6 17.Rac1 Bc5 18.Kf2 g5 19.g3 Ke7 20.Bc2 b5 21.Nxc6+ Rxc6 22.Be4 Rc8
23.Ne2 Bxe3+ 24.Kxe3 Rxc1 25.Rxc1 gxf4+ 26.gxf4 f6 27.exf6+ Kd6 28.Rc8 Nb6
29.Rc2 Nd7 30.Rd2+ Kc7 31.f7 Nf6 32.Nd4 Rf8 33.Rc2+ Kd7  1/2-1/2

[Event "Belgrade Premier League"]
[Site "Belgrade SRB"]
[Date "2008.10.06"]
[Round "2"]
[White "Podinic,V"]
[Black "Djukic,Z SRB"]
[Result "1/2-1/2"]
[WhiteElo "2402"]
[BlackElo "2373"]

1.e4 c5 2.c3 Nf6 3.d3 Nc6 4.f4 d5 5.e5 Ng8 6.Nf3 h5 7.Be2 Nh6 8.Ng5 g6 9.e6 Bxe6
10.Nxe6 fxe6 11.Nd2 Bg7 12.Nf3 Bf6 13.O-O Qd6 14.d4 cxd4 15.cxd4 Nf5 16.Ne5 Bxe5
17.dxe5 Qc5+ 18.Rf2 Kf7 19.Bd2 Rac8 20.Rc1 Qb6 21.b4 Qd4 22.Rb1 Nb8 23.Rb3 Nd7
24.Bb5 Nb6 25.Rd3 Qb2 26.Bc3 Qa3 27.Bd2 Qb2 28.Bc3 Qa3 29.Bd2  1/2-1/2

[Event "1st WMSG Blitz Pair"]
[Site "Beijing CHN"]
[Date "2008.10.08"]
[Round "10"]
[White "Hallaeva,B"]
[Black "Berend,E"]
[Result "0-1"]
[WhiteElo "2119"]
[BlackElo "2328"]

1.e4 c5 2.c3 Nf6 3.e5 Nd5 4.d4 cxd4 5.cxd4 e6 6.Nf3 d6 7.Nc3 Nxc3 8.bxc3 dxe5
9.Nxe5 Nc6 10.Bb5 Bd7  0-1

[Event "Belgrade Premier League"]
[Site "Belgrade SRB"]
[Date "2008.10.08"]
[Round "4"]
[White "Nedeljkovic,Dr"]
[Black "Nestorovic,De"]
[Result "1-0"]
[WhiteElo "2135"]
[BlackElo "2424"]

1.e4 c5 2.c3 Nf6 3.e5 Nd5 4.Nf3 e6 5.g3 Nc6 6.Bg2 Qc7 7.Qe2 g5 8.Nxg5 Qxe5
9.Nf3 Qxe2+ 10.Kxe2 b6 11.d3 Ba6 12.a3 Bg7 13.Nbd2 Nc7 14.Rd1 d5 15.Ne1 O-O-O
16.f4 Nb5 17.a4 Nd6 18.Ndf3 Rhe8 19.Kf2 Kc7 20.Bd2 c4 21.Bf1 Kb7 22.g4 d4
23.Bg2 cxd3 24.Ne5 Bxe5 25.fxe5 Nc8 26.cxd4 Bc4 27.Bxc6+ Kxc6 28.Rac1 Kd5
29.Ke3 f6 30.Ng2 fxe5 31.dxe5 Bb3 32.Nf4+ Kxe5 33.Bc3+ Kd6 34.Rxd3+ Bd5 35.Bb4+ Ke5
36.Rc7 Rg8 37.h3 h6 38.Rh7 a5 39.Bc3+ Kd6 40.Rxh6 Kc5 41.Nxe6+  1-0

[Event "YUURGU-65 GM"]
[Site "Chelyabinsk RUS"]
[Date "2008.10.08"]
[Round "7"]
[White "Sveshnikov,E"]
[Black "Efanov,N"]
[Result "1/2-1/2"]
[WhiteElo "2525"]
[BlackElo "2398"]

1.e4 c5 2.c3 Nf6 3.e5 Nd5 4.d4 cxd4 5.Nf3 Nc6 6.Bc4 Nb6 7.Bb3 d6 8.exd6 Qxd6
9.O-O Be6 10.Bxe6 Qxe6 11.Nxd4 Nxd4 12.Qxd4 Rd8 13.Qh4 h5 14.h3 Qc4 15.Qxc4 Nxc4
16.b3 Nd6 17.c4  1/2-1/2

[Event "Chigorin Memorial"]
[Site "St Petersburg RUS"]
[Date "2008.10.08"]
[Round "6"]
[White "Solovjova,V"]
[Black "Lanin,A"]
[Result "1/2-1/2"]
[WhiteElo "2303"]
[BlackElo "2465"]

1.e4 c5 2.c3 Nf6 3.e5 Nd5 4.d4 cxd4 5.Nf3 Nc6 6.cxd4 d6 7.Bc4 e6 8.O-O Be7
9.Qe2 O-O 10.Nc3 dxe5 11.dxe5 Nxc3 12.bxc3 Qa5 13.Qe4 Qa4 14.Bg5 h6 15.Bxe7 Nxe7
16.Rab1 Rd8 17.Bd3 Qxe4 18.Bxe4 Nc6 19.h3 Kf8 20.Bxc6 bxc6 21.Rfd1 Rxd1+
22.Rxd1 Ke7 23.Nd4 Bd7 24.Nb3 Rb8 25.Rd4 Rb5 26.f4 c5 27.Rc4 Bc6 28.Rxc5 Rxc5
29.Nxc5 Bd5 30.a3 Kd8 31.Kf2 Kc7 32.g3 Kc6 33.Nd3 Be4 34.Ke3 Bg2 35.h4 Kd5
36.Nb2 Bf1 37.Kf2 Bh3 38.Ke3 Bf5 39.Kf3 h5 40.Ke3 Kc5 41.Kf3 Kd5 42.Ke3  1/2-1/2

[Event "Chigorin Memorial"]
[Site "St Petersburg RUS"]
[Date "2008.10.09"]
[Round "7"]
[White "Kislinsky,A"]
[Black "Popov,Val"]
[Result "0-1"]
[WhiteElo "2492"]
[BlackElo "2542"]

1.e4 c5 2.c3 Nf6 3.e5 Nd5 4.Nf3 Nc6 5.d4 cxd4 6.Bc4 Nb6 7.Bb3 d6 8.exd6 Qxd6
9.O-O Be6 10.Na3 dxc3 11.Qe2 Bxb3 12.Nb5 Qb8 13.axb3 e6 14.g3 Qc8 15.Ng5 c2
16.Qh5 Nd8 17.Be3 Nd5 18.Nxe6 Nxe6 19.Qxd5 a6 20.Nd4 Be7 21.Rac1 Nxd4 22.Bxd4 O-O
23.Qe4 Qd7 24.Bc3 Rfe8 25.Qxc2 Bf8 26.Rcd1 Qb5 27.Rd4 Rad8 28.Rxd8 Rxd8 29.Re1 h6
30.Re5 Rd5 31.Rxd5 Qxd5 32.b4 f5 33.Qe2 Kf7 34.Qh5+ g6 35.Qh4 Qc6 36.Qd4 h5
37.Qh8 Be7 38.Qg7+ Ke8 39.Bd2 Qe6 40.h4 b5 41.Be3 Bxb4 42.Qh8+ Kd7 43.Qd4+ Bd6
44.Bf4 Kc6 45.Qc3+ Kb7 46.Qf3+ Kb6 47.Be3+ Bc5 48.Bxc5+ Kxc5 49.Qc3+ Kb6
50.Qd4+ Ka5 51.Qc3+ b4 52.Qc5+ Ka4 53.Qc2+ Kb5 54.Qd3+ Kc5 55.Qc2+ Kb6 56.Qd2 a5
57.Qd4+ Kb5 58.Qd3+ Kc5 59.Qc2+ Qc4 60.Qd2 a4 61.Qd7 Qc1+ 62.Kg2 Qxb2 63.Qc7+ Kb5
64.Qd7+ Kc4 65.Qxa4 Qf6 66.Qc2+ Kb5 67.Qe2+ Ka5 68.Qa2+ Kb6 69.Qg8 Qc6+ 70.Kg1 Kc5
71.Qf8+ Kc4 72.Qf7+ Kc3 73.Qe7 b3 74.Qe5+ Kc2 75.Qe2+ Kb1 76.Kh2 Qc3 77.Qd1+ Ka2
78.Qe2+ b2 79.Qe6+ Ka3 80.Qa6+ Kb3 81.Qb5+ Kc2 82.Qe2+ Kc1 83.Qf1+ Kd2 84.Qb5 Qc2
85.Qb4+ Ke2  0-1

[Event "YUURGU-65 GM"]
[Site "Chelyabinsk RUS"]
[Date "2008.10.10"]
[Round "9"]
[White "Sveshnikov,E"]
[Black "Dvoirys,S"]
[Result "1/2-1/2"]
[WhiteElo "2525"]
[BlackElo "2552"]

1.e4 c5 2.c3 Nf6 3.e5 Nd5 4.Nf3 Nc6 5.d4 cxd4 6.cxd4 d6 7.Bc4 Nb6 8.Bb5 dxe5
9.Nxe5 Bd7 10.Nc3 Nxe5 11.dxe5 Bxb5 12.Nxb5 Qxd1+ 13.Kxd1 Nd5 14.Bd2 e6 15.Rc1 Kd7
16.Ke2  1/2-1/2

[Event "1st WMSG Rapid Pair"]
[Site "Beijing CHN"]
[Date "2008.10.11"]
[Round "9"]
[White "Hallaeva,B"]
[Black "Greeff,M"]
[Result "0-1"]
[WhiteElo "2119"]
[BlackElo "1963"]

1.e4 c5 2.c3 Nf6 3.e5 Nd5 4.d4 e6 5.Nf3 cxd4 6.cxd4 Nc6 7.Bc4 Nb6 8.Bb3 d5
9.O-O Be7 10.Nc3 a6 11.Be3 Na5 12.Bc2 Nbc4 13.b3 Na3 14.Bd3 Bd7 15.Qe2 b5
16.Rac1 b4 17.Nb1 Nb5 18.Rc2 Nc6 19.Rfc1 Qb6 20.Bxb5 axb5 21.Nbd2 O-O 22.Nf1 Ra6
23.Qd2 Rfa8 24.Ne1 Qa7 25.Ra1 f6 26.f4 Be8 27.Ng3 Bg6 28.Rb2 Bd8 29.Ne2 Bb6
30.Nc2 fxe5 31.fxe5 Bxc2 32.Rxc2 Nxe5 33.Qxb4 Ng4 34.Bf4 Qd7 35.h3 Nf6 36.Kh1 Ne4
37.Qe1 Ba5 38.Qh4 Rf8 39.Rac1 Bd8 40.Qe1 Ba5 41.b4 Bb6 42.Be5 Nf2+ 43.Kg1 Nd3
44.Qg3 Nxc1 45.Nxc1 Qf7 46.Qd3 Qd7 47.Nb3 Rf5 48.Qg3 Ra8 49.Nd2 Raf8 50.Nf3 g6
51.Qe1 Rc8 52.Qc1 Rxc2 53.Qxc2 Rf8 54.Qd2 Rc8  0-1

[Event "1st WMSG Blitz Team w"]
[Site "Beijing CHN"]
[Date "2008.10.13"]
[Round "1"]
[White "Hallaeva,B"]
[Black "Topel,Z"]
[Result "0-1"]
[WhiteElo "2119"]
[BlackElo "2214"]

1.e4 c5 2.c3 Nf6 3.e5 Nd5 4.d4 cxd4 5.cxd4 Nc6 6.Nf3 e6 7.Bc4 Nb6 8.Bb3 d5
9.O-O Be7 10.Nc3 Na5 11.Bc2 Bd7 12.b3 Rc8 13.Qd3 Qc7 14.Bd2 Bb4 15.Nb5 Qxc2
16.Qxc2 Rxc2 17.Bxb4 Bxb5 18.Rfc1 Rxc1+ 19.Rxc1 Nc6 20.Bd6 Kd7 21.a4 Bd3
22.Ne1 Bg6 23.Nf3 f6 24.b4 Rc8 25.a5 Nc4 26.Re1 Nxd6 27.exd6 Kxd6 28.b5 Nxa5
29.h3 Rc2 30.Ra1 b6 31.Ne1 Rb2 32.Rc1 Nc4 33.Ra1 Rxb5 34.Nf3 Rb1+ 35.Rxb1 Bxb1  0-1

[Event "1st WMSG Blitz Team"]
[Site "Beijing CHN"]
[Date "2008.10.13"]
[Round "1"]
[White "Slapikas,V"]
[Black "Ghaem Maghami,E"]
[Result "0-1"]
[WhiteElo "2357"]
[BlackElo "2599"]

1.e4 c5 2.c3 Nf6 3.e5 Nd5 4.d4 cxd4 5.Nf3 e6 6.Qxd4 d6 7.Bc4 Nc6 8.Qe4 Nb6
9.Bb3 Qc7 10.exd6 Bxd6 11.O-O Nd7 12.Nbd2 Nc5 13.Qg4 O-O 14.Bc2 f5 15.Qc4 b5
16.Qe2 e5 17.h3 e4 18.Nd4 Nxd4 19.cxd4 Ne6 20.Bb3 Kh8 21.Bxe6 Bxe6 22.Qxb5 Rab8
23.Qe2 Bd5 24.b3 Rbc8 25.Re1 Rfe8 26.Nf1 f4 27.Qg4 Re6 28.Bb2 e3 29.Rac1 Qd8
30.Rxc8 Qxc8 31.fxe3 f3 32.e4 Qf8 33.Re3 f2+ 34.Kh1 Rg6 35.Qd7 Qf4  0-1

[Event "1st WMSG Blitz Team w"]
[Site "Beijing CHN"]
[Date "2008.10.13"]
[Round "3"]
[White "Exler,V"]
[Black "Anhchimeg,B"]
[Result "0-1"]
[WhiteElo "2024"]
[BlackElo "2146"]

1.e4 c5 2.c3 Nf6 3.e5 Nd5 4.Nf3 Nc6 5.Bc4 e6 6.d4 cxd4 7.cxd4 d6 8.O-O Be7
9.Nc3 Nxc3 10.bxc3 dxe5 11.dxe5 Qxd1 12.Rxd1 O-O 13.Be3 h6 14.Rab1 a6 15.a4 Rd8
16.Rxd8+ Bxd8 17.Rd1 Bc7  0-1

[Event "1st WMSG Blitz Team"]
[Site "Beijing CHN"]
[Date "2008.10.13"]
[Round "3"]
[White "Espinosa Flores,R"]
[Black "Feldman,V"]
[Result "1-0"]
[WhiteElo "2412"]
[BlackElo "2298"]

1.e4 c5 2.c3 Nf6 3.e5 Nd5 4.d4 cxd4 5.Nf3 Nc6 6.Bc4 Nb6 7.Bb3 d5 8.exd6 e6
9.cxd4 Bxd6 10.O-O O-O 11.Nc3 Be7 12.Re1 Bf6 13.Be3 Nd5 14.Bxd5 exd5 15.Qb3 Ne7
16.Bg5 Bxg5 17.Nxg5 h6 18.Nf3 b6 19.Rac1 Bf5 20.Ne5 Rc8 21.Nb5 Rxc1 22.Rxc1 a6
23.Nc7 Ng6 24.Qxd5 Qg5 25.Re1 Nf4 26.Qf3 Nh3+ 27.Kh1 Nf4 28.Qg3 Qxg3 29.hxg3 Ne6
30.Nd5 b5 31.Ne7+ Kh7 32.Nxf5 Rc8 33.d5 g6  1-0

[Event "1st WMSG Blitz Team"]
[Site "Beijing CHN"]
[Date "2008.10.13"]
[Round "3"]
[White "Ragger,M"]
[Black "Fier,A"]
[Result "0-1"]
[WhiteElo "2518"]
[BlackElo "2581"]

1.e4 c5 2.c3 Nf6 3.e5 Nd5 4.Nf3 Nc6 5.Bc4 Nb6 6.Bb3 c4 7.Bc2 Qc7 8.Qe2 g5
9.h3 Bg7 10.O-O Nxe5 11.Nxg5 d5 12.a4 a5 13.Re1 h6 14.Nf3 Nxf3+ 15.Qxf3 e5
16.Qg3 Bf6 17.d4 cxd3 18.Bxd3 Be6 19.Bb5+ Nd7 20.c4 d4 21.Nd2 O-O-O 22.Ne4 Be7
23.c5 f6 24.Bd2 Nb8 25.Nd6+ Bxd6 26.cxd6 Rxd6 27.Rec1 Nc6 28.b4 Rg8 29.Qf3 Bd5
30.Qf5+ Kb8 31.g3 h5 32.h4 Be6 33.Qd3 f5 34.bxa5 f4 35.a6 fxg3 36.fxg3 Bd5
37.axb7 e4 38.Qa3 e3 39.Be1 Rdg6 40.Bxc6 Rxg3+ 41.Kf1 Rg2 42.Bg3 Qxg3  0-1

[Event "1st WMSG Blitz Team"]
[Site "Beijing CHN"]
[Date "2008.10.13"]
[Round "5"]
[White "Smerdon,D"]
[Black "Le Quang Liem"]
[Result "0-1"]
[WhiteElo "2470"]
[BlackElo "2583"]

1.e4 c5 2.c3 Nf6 3.e5 Nd5 4.d4 cxd4 5.Nf3 d6 6.cxd4 Nc6 7.Bc4 Nb6 8.Bb3 dxe5
9.d5 Na5 10.Nc3 Nxb3 11.Qxb3 e6 12.Nxe5 Bd6 13.Qb5+ Kf8 14.Nf3 exd5 15.O-O Bg4
16.Qd3 h6 17.h3 Bh5 18.Nd4 Kg8 19.a4 a5 20.Be3 Bb4 21.Nf5 Bg6 22.Bxb6 Qxb6
23.Nxd5 Qe6 24.Nde3 Kh7 25.Qb5 Rhd8 26.Rfd1 b6 27.Rac1 Bc5 28.g4 Qe4 29.Qc4 Qf3
30.Qf1 Bxf5 31.Nxf5 Rxd1 32.Rxd1 Re8 33.Nd4 Qe4 34.Qd3 Qxd3 35.Rxd3 Rd8  0-1

[Event "1st WMSG Blitz Team w"]
[Site "Beijing CHN"]
[Date "2008.10.13"]
[Round "5"]
[White "Ghader Pour,S"]
[Black "Pham Le Thao Nguyen"]
[Result "0-1"]
[WhiteElo "2149"]
[BlackElo "2304"]

1.e4 c5 2.c3 Nf6 3.e5 Nd5 4.d4 cxd4 5.Nf3 e6 6.cxd4 d6 7.a3 Nc6 8.Bd3 Be7
9.O-O dxe5 10.dxe5 b6 11.Qe2 Bb7 12.Nc3 Nxc3 13.bxc3 Qc7 14.Bf4 Bc5 15.Ng5 h6
16.Qh5 Nd8 17.Rad1 Rf8 18.Nh7 Rg8 19.Qg4 Qc6 20.Nf6+ Kf8 21.Nxg8 Kxg8 22.Be2 Kh8
23.Rd3 Bxa3 24.Rh3 Bf8 25.Bf3 Qc7 26.Bxb7 Nxb7 27.Qf3 Rc8 28.Qe3 Kh7 29.Qd3+ Kh8
30.Qe3 Nc5 31.Rd1 a5 32.g4 Rd8 33.Rxd8 Qxd8 34.g5 Qd1+ 35.Kg2 g6 36.f3 Qe2+
37.Kh1 Qxh2+  0-1

[Event "1st WMSG Blitz Team"]
[Site "Beijing CHN"]
[Date "2008.10.13"]
[Round "5"]
[White "Kristjansson,St"]
[Black "Genutis,M"]
[Result "1-0"]
[WhiteElo "2474"]
[BlackElo "2325"]

1.e4 c5 2.c3 Nf6 3.e5 Nd5 4.Nf3 e6 5.Bc4 Nb6 6.Bb3 Nc6 7.d4 cxd4 8.cxd4 d6
9.Qe2 Be7 10.Nc3 dxe5 11.dxe5 O-O 12.O-O Na5 13.Bc2 Bd7 14.Rd1 Qc7 15.Bg5 Bc6
16.Bxe7 Qxe7 17.Ne4 h6 18.Qd3 g6 19.Nf6+ Kg7 20.Nh4 Rad8 21.Qg3 g5 22.Nf3 Bxf3
23.Qxf3 Rxd1+ 24.Rxd1 Rd8 25.Qe4 Rxd1+ 26.Bxd1 Qc5 27.Qh7+  1-0

[Event "1st WMSG Blitz Team"]
[Site "Beijing CHN"]
[Date "2008.10.13"]
[Round "5"]
[White "Garma,C"]
[Black "Kunte,A"]
[Result "0-1"]
[WhiteElo "2347"]
[BlackElo "2536"]

1.e4 c5 2.c3 Nf6 3.e5 Nd5 4.d4 cxd4 5.Nf3 e6 6.Bc4 Nb6 7.Bb3 d6 8.cxd4 dxe5
9.Nxe5 Nc6 10.Nxc6 bxc6 11.O-O Be7 12.Nc3 O-O 13.Be3 Nd5 14.Rc1 Rb8 15.Na4 Qd6
16.Qf3 Rd8 17.Nc5 Bd7 18.Rc4 Be8 19.Rfc1 Nxe3 20.fxe3 Qd5 21.Ne4 Qa5 22.Nc5 Bf6
23.Qe4 Rb4 24.Rxb4 Qxb4 25.Qc2 Qb8 26.Ne4 Be7 27.Qf2 a5 28.Ba4 Qb6 29.b3 Rd5
30.g3 Rf5 31.Qe2 h5 32.Nd2 h4 33.Nc4 Qc7 34.Ne5 hxg3 35.hxg3 Qxe5 36.Qf3 Bc5
37.Kg2 Bb4 38.Qxf5 g6 39.Rc2 Kg7 40.Qe4 c5 41.Qf3 Be1 42.Qf4 Qg5 43.d5 Bb4
44.Rc1 c4 45.Rd1 c3 46.Kf2 c2 47.Rd4 Qe5 48.a3 Bxa3 49.Rc4 Qxd5 50.b4 Bxb4
51.e4 Qxc4  0-1

[Event "1st WMSG Blitz Team w"]
[Site "Beijing CHN"]
[Date "2008.10.13"]
[Round "5"]
[White "Frank Nielsen,M"]
[Black "Gara,T"]
[Result "0-1"]
[WhiteElo "1971"]
[BlackElo "2312"]

1.e4 c5 2.c3 Nf6 3.e5 Nd5 4.d4 cxd4 5.cxd4 e6 6.Nf3 d6 7.Nc3 Nxc3 8.bxc3 Qc7
9.Bd2 Nd7 10.exd6 Bxd6 11.Bd3 b6 12.O-O Bb7 13.h3 Nf6 14.Qe2 O-O 15.Rac1 Rac8
16.Bg5 Be7 17.c4 Rfd8 18.Rfd1 Nh5 19.Ne5 Bxg5 20.Qxh5 h6 21.Rc2 Bf6 22.Ng4 Bxd4
23.Nxh6+ gxh6 24.Qxh6 Bg7 25.Qh7+ Kf8 26.Rcd2 Qe5 27.Qh4 Rd4 28.Qg3 Qxg3
29.fxg3 Rcd8 30.Kf2 Bh6 31.Ke2 Bxd2 32.Rxd2 Bxg2 33.h4 Rxd3 34.Rxd3 Bf1+
35.Kxf1 Rxd3 36.Kf2 Ra3 37.Kg2 Rxa2+ 38.Kh3 a5 39.h5 Kg7 40.Kh4 a4 41.g4 a3
42.g5 Rc2 43.h6+ Kg6 44.Kg4 Rxc4+ 45.Kg3 a2 46.Kf3 a1=Q  0-1

[Event "1st WMSG Blitz Team w"]
[Site "Beijing CHN"]
[Date "2008.10.13"]
[Round "6"]
[White "Anhchimeg,B"]
[Black "Gomes,Mary"]
[Result "1-0"]
[WhiteElo "2146"]
[BlackElo "2298"]

1.e4 c5 2.c3 Nf6 3.e5 Nd5 4.d4 Nc6 5.Nf3 cxd4 6.cxd4 d6 7.Bc4 Nb6 8.Bd3 dxe5
9.dxe5 Bg4 10.Bf4 Nd4 11.Be4 Nxf3+ 12.gxf3 Qxd1+ 13.Kxd1 Bd7 14.Bxb7 Rb8
15.Be4 e6 16.Nc3 Bb4 17.Rg1 O-O 18.Bh6 Rfd8 19.Rxg7+ Kf8 20.Rxh7+ Ke7 21.Bg5+ Ke8
22.Rh8+ Bf8 23.Ke2 Rdc8 24.Bd3 Na4 25.Ne4 Rxb2+ 26.Kf1 Bc6 27.Nf6+ Ke7 28.Nh7+ Kd7
29.Rxf8 Nc5 30.Nf6+ Kc7 31.Rxf7+ Kb6 32.Be3 Bxf3 33.Nd7+ Kc6 34.Nxc5 Rh8
35.Rxf3 Rxh2 36.Rc1 Rh1+ 37.Kg2 Kd5  1-0

[Event "1st WMSG Blitz Team"]
[Site "Beijing CHN"]
[Date "2008.10.13"]
[Round "7"]
[White "Sveshnikov,E"]
[Black "Le Quang Liem"]
[Result "0-1"]
[WhiteElo "2525"]
[BlackElo "2583"]

1.e4 c5 2.c3 Nf6 3.e5 Nd5 4.d4 cxd4 5.cxd4 d6 6.Bc4 Nb6 7.Bb3 dxe5 8.Qh5 e6
9.dxe5 Nc6 10.Nf3 g6 11.Qg5 Qxg5 12.Bxg5 Bg7 13.Bf6 Bxf6 14.exf6 Nd7 15.Nc3 Nxf6
16.O-O Bd7 17.Nb5 Ke7 18.Rfe1 Rhd8 19.Ng5 Na5 20.Bxe6 fxe6 21.Nc7 h6 22.Ngxe6 Bxe6
23.Nxe6 Kf7 24.Nxd8+ Rxd8 25.Rad1 Rc8 26.Rc1 Nc6 27.b4 a6 28.a4 Nd5 29.b5 axb5
30.axb5 Nce7 31.Rxc8 Nxc8 32.Re5 Nf4 33.g3 Ne6 34.f4 Nd6 35.Kf2 b6 36.Rd5 Ke7
37.Re5 Kd7 38.Rd5 Nc7 39.Rd1 Nxb5 40.g4 Nc3 41.Rd4 Ke6 42.Kf3 b5 43.h4 Nd5
44.Rd1 b4 45.Re1+ Kd7 46.h5 gxh5 47.g5 hxg5 48.fxg5 Nf5 49.Ke4 Ke6 50.g6 Nfe7
51.g7 Kf7 52.Rg1 Nf6+ 53.Kd4 Nfd5 54.Ke4 Nf6+ 55.Kd4 Nfd5 56.Ke4  0-1